Star trek. Picard. The final season / a CBS ... Read More
Available copies
- 2 of 2 copies available at LARL/NWRL Consortium.
- 2 of 2 copies available at Lake Agassiz Regional Library. (Show preferred library)
Current holds
0 current holds with 2 total copies.
Show Only Available Copies
| Location | Call Number / Copy Notes | Barcode | Shelving Location | Status | Due Date |
|---|---|---|---|---|---|
| Fosston Public Library | DVD STA (Text) | 33500013864194 | Main | Available | - |
| McIntosh Public Library | DVD STA (Text) | 33500013864186 | Main | Available | - |
Record details
- Physical Description: 4 videodiscs (approximately 533 min.) : sound, ... Read More
- Publisher: Hollywood, California : Paramount, [2023]
- Copyright: ©2023
Content descriptions
| General Note: | Based upon "Star trek: the next generation" created by Gene Roddenberry. Originally broadcast as single episodes of a television program in 2023. Wide screen. Special features: Audio commentaries; The gang's all here; Villainous Vadic; Gag reel; Picard: the ... Read More |
| Formatted Contents Note: | Disc 1. The next generation -- Disengage -- ... Read More |
| Participant or Performer Note: | Patrick Stewart, Jeri Ryan, Michelle Hurd, Ed ... Read More |
| Summary, etc.: | A cryptic and desperate message from a long-lost ... Read More |
| Target Audience Note: | Rating: Not rated. |
| System Details Note: | DVD; widescreen; Dolby digital 5.1. |
| Language Note: | English or Japanese dialogue; Japanese subtitles. |
| Source of Description Note: | Title from disc labels. |
Search for related items by subject
| Subject: | Picard, Jean-Luc (Fictitious character), 2305-2399 > Drama. Space ships > Drama. Interplanetary voyages > Drama. Human-alien encounters > Drama. |
| Genre: | Action and adventure television programs. Science fiction television programs. Fiction television programs. Television series. Video recordings for the hearing impaired. |
Search for related items by series
| LDR | 04458cgm a2200925 i 4500 | ||
|---|---|---|---|
| 001 | 417778 | ||
| 003 | LARL_NWRL_CONSORTIUM | ||
| 005 | 20230906170307.0 | ||
| 008 | 230710t20232023cau533 vleng d | ||
| 007 | vd cvaizq | ||
| 040 | . | ‡aTEFMT ‡beng ‡erda ‡cTEFMT ‡dTEF ‡dGK8 ‡dINO ‡dJO6 ‡dOPW | |
| 024 | 1 | 0. | ‡a191329251621 |
| 028 | 4 | 2. | ‡aSDS1000829008 ‡bParamount |
| 028 | 4 | 2. | ‡a3000095685 ‡bParamount ‡q(container) |
| 033 | 0 | 1. | ‡a2023---- |
| 035 | . | ‡a(OCoLC)1389834423 | |
| 037 | . | ‡bMidwest Tape ‡nhttp://www.midwesttapes.com | |
| 041 | 1 | . | ‡aeng ‡ajpn ‡jjpn ‡peng ‡heng |
| 082 | 0 | 4. | ‡a791.45/75 ‡223/eng/20230712 |
| 130 | 0 | . | ‡aStar trek: Picard (Television program). ‡nSeason 3. |
| 245 | 1 | 0. | ‡aStar trek. ‡pPicard. ‡pThe final season / ‡ca CBS Studios production ; created by Akiva Goldsman & Michael Chabon & Kirsten Beyer & Alex Kurtzman. |
| 246 | 3 | . | ‡aStar trek. ‡pPicard. ‡nSeason three |
| 257 | . | ‡aUnited States ‡2naf | |
| 264 | 1. | ‡aHollywood, California : ‡bParamount, ‡c[2023] | |
| 264 | 4. | ‡c©2023 | |
| 300 | . | ‡a4 videodiscs (approximately 533 min.) : ‡bsound, color ; ‡c4 3/4 in. | |
| 306 | . | ‡a085300 | |
| 336 | . | ‡atwo-dimensional moving image ‡btdi ‡2rdacontent | |
| 337 | . | ‡avideo ‡bv ‡2rdamedia | |
| 338 | . | ‡avideodisc ‡bvd ‡2rdacarrier | |
| 340 | . | ‡b4 3/4 in. | |
| 340 | . | ‡gcolor. | |
| 340 | . | ‡gpolychrome ‡2rdacc | |
| 341 | 0 | . | ‡aauditory ‡bcaptions |
| 344 | . | ‡adigital ‡2rdatr | |
| 344 | . | ‡boptical ‡2rdarm | |
| 344 | . | ‡gsurround ‡2rdacpc | |
| 344 | . | ‡isound ‡2rdasco | |
| 344 | . | ‡hDolby digital 5.1 | |
| 345 | . | ‡dwide screen ‡2rdaar | |
| 346 | . | ‡bNTSC ‡2rdabs | |
| 347 | . | ‡avideo file ‡2rdaft | |
| 347 | . | ‡bDVD video | |
| 347 | . | ‡eregion 1 ‡2rdare | |
| 380 | . | ‡aTelevision programs ‡2lcgft | |
| 490 | 0 | . | ‡aStar Trek: Picard ; ‡vSeason 3 |
| 538 | . | ‡aDVD; widescreen; Dolby digital 5.1. | |
| 546 | . | ‡aEnglish or Japanese dialogue; Japanese subtitles. | |
| 532 | 1 | . | ‡aEnglish subtitles for the deaf and hard of hearing (SDH). |
| 588 | . | ‡aTitle from disc labels. | |
| 511 | 1 | . | ‡aPatrick Stewart, Jeri Ryan, Michelle Hurd, Ed Speleers. |
| 500 | . | ‡aBased upon "Star trek: the next generation" created by Gene Roddenberry. | |
| 500 | . | ‡aOriginally broadcast as single episodes of a television program in 2023. | |
| 500 | . | ‡aWide screen. | |
| 521 | 8 | . | ‡aRating: Not rated. |
| 520 | . | ‡aA cryptic and desperate message from a long-lost friend Dr. Beverly Crusher draws Starfleet legend Admiral Jean-Luc Picard into the most daring mission of his life, forcing him to recruit allies spanning generations old and new. The legacy of Picard's past meets explosive new revelations that will alter the fate of the Federation forever. Experience the Star Trek: The Next Generation reunion three decades in the making like you've never seen it before, with over 2 1/2 hours of special features, including behind the scenes featurettes with the cast and crew, a hilarious gag reel, exclusive deleted scenes and more! | |
| 500 | . | ‡aSpecial features: Audio commentaries; The gang's all here; Villainous Vadic; Gag reel; Picard: the final season Q&A; The making of The last generation; Rebuilding the Enterprise-D; Deleted scenes. | |
| 505 | 0 | 0. | ‡gDisc 1. ‡tThe next generation -- ‡tDisengage -- ‡tSeventeen seconds ; ‡gDisc 2. ‡tNo win scenario -- ‡tImposters -- ‡tThe bounty ; ‡gDisc 3. ‡tDominion -- ‡tSurrender ; ‡gDisc 4. ‡tVõx -- ‡tThe last generation. |
| 600 | 1 | 0. | ‡aPicard, Jean-Luc ‡c(Fictitious character), ‡d2305-2399 ‡vDrama. |
| 650 | 0. | ‡aSpace ships ‡vDrama. | |
| 650 | 0. | ‡aInterplanetary voyages ‡vDrama. | |
| 650 | 0. | ‡aHuman-alien encounters ‡vDrama. | |
| 655 | 7. | ‡aAction and adventure television programs. ‡2lcgft ‡0(LARL_NWRL_CONSORTIUM)175838 | |
| 655 | 7. | ‡aScience fiction television programs. ‡2lcgft ‡0(LARL_NWRL_CONSORTIUM)175696 | |
| 655 | 7. | ‡aFiction television programs. ‡2lcgft ‡0(LARL_NWRL_CONSORTIUM)175627 | |
| 655 | 7. | ‡aTelevision series. ‡2lcgft ‡0(LARL_NWRL_CONSORTIUM)175797 | |
| 655 | 7. | ‡aVideo recordings for the hearing impaired. ‡2lcgft ‡0(LARL_NWRL_CONSORTIUM)175744 | |
| 700 | 1 | . | ‡aGoldsman, Akiva, ‡ecreator. ‡0(LARL_NWRL_CONSORTIUM)127263 |
| 700 | 1 | . | ‡aChabon, Michael, ‡ecreator. ‡0(LARL_NWRL_CONSORTIUM)154019 |
| 700 | 1 | . | ‡aBeyer, Kirsten, ‡ecreator. ‡0(LARL_NWRL_CONSORTIUM)195398 |
| 700 | 1 | . | ‡aKurtzman, Alex, ‡ecreator. ‡0(LARL_NWRL_CONSORTIUM)195903 |
| 700 | 1 | . | ‡aStewart, Patrick, ‡d1940- ‡eactor. ‡0(LARL_NWRL_CONSORTIUM)78693 |
| 700 | 1 | . | ‡aRyan, Jeri, ‡eactor. ‡0(LARL_NWRL_CONSORTIUM)152304 |
| 700 | 1 | . | ‡aHurd, Michelle, ‡eactor. |
| 700 | 1 | . | ‡aSpeleers, Ed, ‡d1988- ‡eactor. ‡0(LARL_NWRL_CONSORTIUM)214103 |
| 710 | 2 | . | ‡aCBS Studios Inc., ‡eproduction company. |
| 710 | 2 | . | ‡aParamount Home Entertainment (Firm), ‡epublisher. ‡0(LARL_NWRL_CONSORTIUM)210140 |
| 730 | 0 | 2. | ‡iContainer of (expression): ‡aStar trek: Picard (Television program). ‡nSeason 3. ‡lJapanese. |
| 901 | . | ‡a417778 ‡bOCoLC ‡c417778 ‡tbiblio ‡soclc | |

Add to basket
Permalink
Disable Highlighting